Management Practices of Pig Improvement Company (PIC) at Suntory Farm Incorporated at Barangay Balidbid, Sta. Fe, Bantayan Island, Cebu. / (Record no. 5735)
[ view plain ]
| 000 -LEADER | |
|---|---|
| fixed length control field | 02082naa a2200301Ia 4500 |
| 003 - CONTROL NUMBER IDENTIFIER | |
| control field | OSt |
| 005 - DATE AND TIME OF LATEST TRANSACTION | |
| control field | 20260413095626.0 |
| 008 - FIXED-LENGTH DATA ELEMENTS--GENERAL INFORMATION | |
| fixed length control field | 260413s2013 xx 000 0 und d |
| 040 ## - CATALOGING SOURCE | |
| Original cataloging agency | Foundation University |
| Language of cataloging | eng |
| Transcribing agency | Foundation University |
| Description conventions | rda |
| 050 ## - LIBRARY OF CONGRESS CALL NUMBER | |
| Classification number | CoA (AnSci-Th) LG 221 D35 A37 |
| Item number | A5 A38 2013 E46 |
| 099 ## - LOCAL FREE-TEXT CALL NUMBER (OCLC) | |
| Classification number | 1036 |
| 100 ## - MAIN ENTRY--PERSONAL NAME | |
| Personal name | Elnar, Jermaine Rose |
| 9 (RLIN) | 1996 |
| Relator term | author |
| 245 10 - TITLE STATEMENT | |
| Title | Management Practices of Pig Improvement Company (PIC) at Suntory Farm Incorporated at Barangay Balidbid, Sta. Fe, Bantayan Island, Cebu. / |
| Statement of responsibility, etc. | by Jermaine Rose Elnar |
| 264 ## - PRODUCTION, PUBLICATION, DISTRIBUTION, MANUFACTURE, AND COPYRIGHT NOTICE | |
| Place of production, publication, distribution, manufacture | Dumaguete City |
| Name of producer, publisher, distributor, manufacturer | Foundation Uiniversity, |
| Date of production, publication, distribution, manufacture, copy right date | 2013. |
| Copyright Date | 2013. |
| 300 ## - PHYSICAL DESCRIPTION | |
| Extent | xii, 86 leaves : |
| Materials specified | volume |
| Other physical details | ill. (col.) ; |
| Dimensions | 28 cm. |
| Type of unit | resource |
| 336 ## - CONTENT TYPE | |
| Source | rdacontent |
| Content type term | text |
| Content type code | txt |
| 337 ## - MEDIA TYPE | |
| Source | rdamedia |
| Media type term | unmediated |
| Media type code | n |
| 338 ## - CARRIER TYPE | |
| Materials specified | rdacarrier |
| Carrier type term | volume |
| Carrier type code | nc |
| 502 ## - DISSERTATION, THESIS NOTE | |
| Dissertation note | Undergraduate Field practice (Bachelor of Science in Agriculture Major in Animal Science) -- Foundation University, 2013. |
| 504 ## - BIBLIOGRAPHY, ETC. NOTE | |
| Bibliography, etc. note | Includes bibliographical references appendices <br/> |
| 520 ## - ABSTRACT, SUMMARY, ETC. | |
| Abstract, Summary, etc. | This report examines the management practices of Pig Improvement Company (PIC) at Suntory Farm Incorporated located in Barangay Balidbid, Santa Fe, Bantayan Island, Cebu. It describes the various activities performed, including breeding management, feeding systems, health monitoring, housing, and biosecurity measures. The report highlights the application of advanced swine production technologies, genetic improvement programs, and gilt development processes. Furthermore, it reflects on the knowledge and practical skills gained, challenges encountered during the training, and recommendations for improving swine production efficiency and farm management practices. |
| 650 ## - SUBJECT ADDED ENTRY--TOPICAL TERM | |
| Topical term or geographic name entry element | Swine |
| 9 (RLIN) | 15500 |
| General subdivision | Management. |
| 650 ## - SUBJECT ADDED ENTRY--TOPICAL TERM | |
| Topical term or geographic name entry element | Swine |
| 9 (RLIN) | 15476 |
| General subdivision | Breeding. |
| 650 ## - SUBJECT ADDED ENTRY--TOPICAL TERM | |
| Topical term or geographic name entry element | Animal husbandry. |
| 9 (RLIN) | 14407 |
| 650 ## - SUBJECT ADDED ENTRY--TOPICAL TERM | |
| Topical term or geographic name entry element | Livestock |
| 9 (RLIN) | 14406 |
| General subdivision | Management. |
| 658 ## - INDEX TERM--CURRICULUM OBJECTIVE | |
| Main curriculum objective | Field Practice : |
| Subordinate curriculum objective | Agriculture Major in Animal Science, Bachelor of Science in ; |
| Curriculum code | ASC 48A. |
| 942 ## - ADDED ENTRY ELEMENTS (KOHA) | |
| Source of classification or shelving scheme | Library of Congress Classification |
| Koha item type | Thesis |
| Classification part | LG 221 D35 A37 |
| Item part | A5 A38 2013 E46 |
| Call number prefix | CoA (AnSci-Th) |
| Withdrawn status | Lost status | Source of classification or shelving scheme | Damaged status | Not for loan | Home library | Current library | Shelving location | Date acquired | Total Checkouts | Full call number | Barcode | Date last seen | Price effective from | Koha item type | Accession Number |
|---|---|---|---|---|---|---|---|---|---|---|---|---|---|---|---|
| Library of Congress Classification | Foundation University Library | Foundation University Library | Undergraduate Thesis | 04/13/2026 | CoA (AnSci-Th) LG 221 D35 A37 A5 A38 2013 E46 | 60794 | 04/13/2026 | 04/13/2026 | Thesis | AnSci-Th-2026037 |
